| 000 | 01546nam a2200349 i 4500 | ||
|---|---|---|---|
| 003 | DO-SdBNP | ||
| 005 | 20241122131835.0 | ||
| 007 | ta | ||
| 008 | 210825e2018 dr ad||fr|||| 001 0dspa d | ||
| 020 | _a9789945911961 | ||
| 040 |
_aDO-SdBNP _bspa _cBNPHU _erda |
||
| 041 | _aspa | ||
| 082 | 4 |
_a330.97293 _bD269i _222 |
|
| 110 | 2 |
_aComisión Económica Dominicana, 1929 _979847 |
|
| 245 | 1 | 0 |
_aInforme de la comisión económica dominicana, 1929 / _cpresidente de la comisión Charles G. Dawes ; traducción, Leonardo Arturo Martínez Bonilla, ; edición, Jesús R. Navarro Zerpa. |
| 246 | 1 | _aReport of Dominican economic commission. Chicago, The Lakeside press, 1929 / | |
| 264 | 1 |
_aSanto Domingo, República Dominicana : _bAcademia Dominicana de la Historia, _c2018. |
|
| 300 |
_a240 páginas : _bilustraciones, gráficas ; _c23 cm. |
||
| 336 |
_atexto _btxt _2rdacontent |
||
| 337 |
_asin mediación _bn _2rdamedia |
||
| 338 |
_avolumen _bnc _2rdacarrier |
||
| 490 | 0 |
_aAcademia Dominicana de la Historia ; _v148 |
|
| 500 | _aIncluye datos biográficos del autor en la solapa de la cubierta. | ||
| 590 | _aInventariado 2021 / MF | ||
| 650 | 4 |
_aFinanzas _979826 |
|
| 651 | 4 |
_aRepública Dominicana _xCondiciones económicas _y1929 _979837 |
|
| 651 | 4 |
_aRepública Dominicana _xPolítica económica _y1929 _979838 _zRepública Dominicana |
|
| 700 | 2 |
_aMartínez Bonilla, Leonardo Arturo, _etraductor _4tr. _979827 |
|
| 700 | 2 |
_aNavarro Zerpa, Jesús R. _eeditor _4ed. _973422 |
|
| 910 | _aValidado. Control de calidad MFF | ||
| 942 |
_2ddc _cLBS1 |
||
| 999 |
_c50292 _d50292 |
||